Вып. 8 (25); Электронная техника. Сер. 10 : Технология и организация производства

Bibliografiske detaljer
Parent link:Электронная техника. Сер. 10 : Технология и организация производства: научно-технический сборник. Вып. 8 (25).— , 1966-1969
Sprog:russisk
Udgivet: 1968
Format: MixedMaterials Bog
KOHA link:https://koha.lib.tpu.ru/cgi-bin/koha/opac-detail.pl?biblionumber=542463

MARC

LEADER 00000nam2a2200000 4500
001 542463
005 20231101115031.0
035 |a (RuTPU)RU\TPU\prd\232925 
035 |a RU\TPU\prd\232922 
090 |a 542463 
100 |a 20150311b1968 k y0rusy50 ca 
101 0 |a rus 
102 |a RU 
200 0 |a Вып. 8 (25) 
210 |d 1968 
461 1 |0 (RuTPU)RU\TPU\prd\96224  |t Электронная техника. Сер. 10 : Технология и организация производства  |o научно-технический сборник  |v Вып. 8 (25)  |d 1966-1969 
801 0 |a RU  |b 63413507  |c 20010227  |g PSBO 
801 1 |a RU  |b 63413507  |c 20150205 
801 2 |a RU  |b 63413507  |c 20180314  |g RCR 
942 |c BK 
999 |a НТБ_ТПУ  |b НФ  |e -4/20150112  |p П-7604  |u 0,00  |v 1  |x 30391